Narcotics trivia - Statistics

General Stats
  • This quiz has been taken 424 times
  • The average score is 6 of 15
Answer Stats
Question Answer % Correct
Accidentally synthesized in 1938 by Albert Hofmann, "Lucy" is a street term for what drug LSD
84%
It is realistically impossible to overdose on what drug? Cannabis
76%
MDMA is an abbreviation for Methylenedioxy-M? Methylamphetamine
67%
Out of the following, which is NOT a drug used to manage pain Ibogaine
58%
Which is NOT traditionally an ADHD medication Xanax
45%
Which of the following is the only safe drug to use while under the influence of Alcohol Mescaline
42%
What synthetic opioid is more potent than Fentanyl Nitazenes
40%
Pink Cocaine otherwise known as Tusibi is a drug cocktail that usually does NOT contain which of the following drugs 2C-B
38%
What is one of the most common telltale signs that a mushroom contains Psilocybin Blue bruising
36%
Which of the following are NOT consumed in liquid form LSA
33%
Which drug originated in Australia Changa
31%
What drug was NOT first synthesized by Alexander Shulgin 1P-LSD
25%
Which of the following is NOT considered a deliriant Dextromethorphan/DXM
22%
A sheet, refers to how many hits/tabs of LSD 100
20%
What country was the first to legalize recreational cannabis Uruguay
15%
No matching quizzes found
Score Distribution
Percent of People with Each Score
Percentile by Number Answered
Your Score History
You have not taken this quiz